Snobbery : The American Version (Record no. 320839)
[ view plain ]
| 000 -LEADER | |
|---|---|
| fixed length control field | 00402 a2200157 4500 |
| 001 - CONTROL NUMBER | |
| control field | 85766 |
| 003 - CONTROL NUMBER IDENTIFIER | |
| control field | NUST |
| 005 - DATE AND TIME OF LATEST TRANSACTION | |
| control field | 20180119201824.0 |
| 008 - FIXED-LENGTH DATA ELEMENTS--GENERAL INFORMATION | |
| fixed length control field | 180119b xxu||||| |||| 00| 0 eng d |
| 020 ## - INTERNATIONAL STANDARD BOOK NUMBER | |
| International Standard Book Number | 9780395944172 |
| 082 ## - DEWEY DECIMAL CLASSIFICATION NUMBER | |
| Classification number | 305.50973 EPS |
| 100 ## - MAIN ENTRY--PERSONAL NAME | |
| Personal name | Joseph Epstein |
| 9 (RLIN) | 9160 |
| 245 ## - TITLE STATEMENT | |
| Title | Snobbery : The American Version |
| Medium | English |
| 250 ## - EDITION STATEMENT | |
| Edition statement | 1st |
| 260 ## - PUBLICATION, DISTRIBUTION, ETC. | |
| Place of publication, distribution, etc. | New york |
| Name of publisher, distributor, etc. | Houghton Mifflin |
| Date of publication, distribution, etc. | 2002 |
| 300 ## - PHYSICAL DESCRIPTION | |
| Extent | xii 274 |
| 500 ## - GENERAL NOTE | |
| General note | Gifted By AM Masood Akhtar |
| 942 ## - ADDED ENTRY ELEMENTS (KOHA) | |
| Institution code [OBSOLETE] | caenust |
| Koha item type | Book |
| Call number prefix | 305.50973 EPS |
| Source of classification or shelving scheme | |
| Withdrawn status | Lost status | Damaged status | Not for loan | Collection code | Permanent Location | Current Location | Date acquired | Total Checkouts | Full call number | Barcode | Date last seen | Price effective from | Koha item type |
|---|---|---|---|---|---|---|---|---|---|---|---|---|---|
| College of Aeronautical Engineering (CAE) | College of Aeronautical Engineering (CAE) | 04/03/2017 | 305.50973 EPS | CAEG-9759 | 04/05/2017 | 04/05/2017 | Book |
